000 00257nam a2200109Ia 4500
008 230524s9999 xx 000 0 und d
100 _aSusant K.Rout
245 0 _aCimple : C is Simple...
500 _aQuantity Number: 2
650 _aComp-Sc
942 _cBK
999 _c50856
_d50856